| 000 | 01203cam a22003377a 4500 | ||
|---|---|---|---|
| 003 | CHAP | ||
| 005 | 20220329142412.0 | ||
| 008 | 001127d2000 mx a r 00110 spa d | ||
| 010 | _a82966 | ||
| 011 | _a83938 | ||
| 035 | _a94457 | ||
| 040 | _cCHAP | ||
| 090 | _aTesis | ||
| 100 | 0 | 0 |
_aMaldonado Morales, Amalia. _970117 |
| 245 | 1 | 0 |
_aIdentificación de ácaros asociados al ciprés (Cupressus sempervirnes L.) en Chapingo, México _c/por Amalia Maldonado Morales |
| 260 |
_aChapingo, Méx. : _bEl autor, _c2000. |
||
| 300 |
_a27 h. : _bilus. |
||
| 502 | _aTesis (Ing. Agr. Esp. en Parasitología Agrícola) -- UACH. Departamento de Parasitología Agrícola | ||
| 590 |
_aALEPH _b10 _c20130110 _lUCH01 _h1439 |
||
| 590 |
_aBATCH-UPD _b10 _c20130110 _lUCH01 _h0752 |
||
| 590 |
_aBATCH-UPD _b10 _c20130410 _lUCH01 _h0432 |
||
| 590 |
_aBATCH-UPD _b10 _c20130914 _lUCH01 _h0941 |
||
| 590 |
_aCONVERSION _b10 _c20130109 _lUCH01 _h1346 |
||
| 650 | 1 | 4 |
_aÁcaros _xIdentificación. _982380 |
| 650 | 1 | 4 |
_aCiprés _xPlagas. _923351 |
| 901 | _aBK | ||
| 905 | _aLilia Sánchez G. | ||
| 942 | _cFOLL | ||
| 949 |
_bBC _cTES _d33724000582680 _eTS2 _fc.2 _h37511 _i94457 _sb |
||
| 949 |
_bBC _cTES _d944571 _eTS1 _h37510 _i94457 _sb |
||
| 999 |
_c82966 _d82966 |
||